| 000 | 00823nas a22002651i 4500 | ||
|---|---|---|---|
| 003 | EG-GICUS | ||
| 005 | 20251125120929.0 | ||
| 008 | 25111919u19uuuuuuua sr p 0 f0ara d | ||
| 040 |
_aEG-GICUS _bara _cEG-GICUS _erda |
||
| 043 | _aa-jo | ||
| 049 | _aإهداء | ||
| 092 |
_221 _a306 _bA518 |
||
| 099 | _a306 A518 | ||
| 222 | _aعمان | ||
| 245 | 0 | 0 |
_aعمان : _bمجلة ثقافية شهرية |
| 246 | 0 | 3 | _aUmān |
| 264 |
_aعمان : _bأمانة عمان الكبرى ؛ _c1993- |
||
| 300 |
_aمجلد : _bإيضاحيات ؛ _c30 سم |
||
| 541 |
_aإهداء _d2024-10-24 _cد.جابر عصفور |
||
| 588 | _5الوصف ماخوذ من : العدد(159) | ||
| 650 | 7 |
_aالثقافة _vدوريات _2qarmak |
|
| 710 | _aأمانة عمان الكبرى | ||
| 905 |
_aSamah _eAbeer |
||
| 942 |
_n0 _cCR |
||
| 999 |
_c176015 _d176015 |
||